Kampala LawReports cited as 1992 / (Record no. 5263)

MARC details
000 -LEADER
fixed length control field 00531nam a22001577a 4500
008 - FIXED-LENGTH DATA ELEMENTS--GENERAL INFORMATION
fixed length control field 130223t xxu||||| |||| 00| 0 eng d
082 ## - DEWEY DECIMAL CLASSIFICATION NUMBER
Edition number 22 ed.
Classification number 348.6761
Item number KAM
100 ## - MAIN ENTRY--PERSONAL NAME
Personal name Edited by Rwakafuzi, Kiiza Ladislaus
9 (RLIN) 6913
245 ## - TITLE STATEMENT
Title Kampala LawReports cited as 1992 /
Statement of responsibility, etc Edited by Kiiza Ladislaus Rwakafuzi
260 ## - PUBLICATION, DISTRIBUTION, ETC. (IMPRINT)
Place of publication, distribution, etc Kampala, Uganda
300 ## - PHYSICAL DESCRIPTION
Extent xxxiv, 929 P. ;
Dimensions 25 cm.
650 ## - SUBJECT ADDED ENTRY--TOPICAL TERM
Topical term or geographic name as entry element Law Reports
9 (RLIN) 6816
650 ## - SUBJECT ADDED ENTRY--TOPICAL TERM
Topical term or geographic name as entry element Kampala Law Reports
9 (RLIN) 6914
650 ## - SUBJECT ADDED ENTRY--TOPICAL TERM
Topical term or geographic name as entry element Kampala Law Reports cited as 1992
9 (RLIN) 6917
942 ## - ADDED ENTRY ELEMENTS (KOHA)
Source of classification or shelving scheme Dewey Decimal Classification
Item type Law Reports
Koha issues (borrowed), all copies 1
Holdings
Withdrawn status Lost status Source of classification or shelving scheme Damaged status Not for loan Home library Current library Shelving location Date acquired Total Checkouts Full call number Barcode Date last seen Date last borrowed Copy number Price effective from Koha item type Public note
    Dewey Decimal Classification     Law Development Centre Main Library Law Development Centre Main Library Law Reports 02/23/2013 1 348.6761 KAM 4274/2013 07/24/2014 07/24/2014 1 02/23/2013 Law Reports Reserve